| 000 | 00872nam a2200277Ia 4500 | ||
|---|---|---|---|
| 003 | OSt | ||
| 005 | 20220928132615.0 | ||
| 006 | a|||||r|||| 00| 0 | ||
| 007 | ta | ||
| 008 | 220927b |||||||| |||| 00| 0 eng d | ||
| 020 | _cUSD 195.00 | ||
| 024 | _a140097 | ||
| 037 |
_b53, 04/02/2019, Better Book Service _cTextual |
||
| 040 |
_aSDCL _cSDCL _beng |
||
| 041 |
_2eng _aeng |
||
| 082 | _aS:4, Q8 | ||
| 100 |
_aRizzo Matthew Ed. _9482432 |
||
| 245 | 0 | _aWiley handbook on the aging mind and brain | |
| 260 |
_aHoboken _bWiley blacwell _c2018 |
||
| 300 |
_axxxvii,792p. _ccm. |
||
| 650 | _aApplied Psychology | ||
| 700 |
_a Anderson Steven Ed. _9482433 |
||
| 700 |
_a Fritzsch Bernd _9482434 |
||
| 942 |
_hS:4, Q8 _cTEXL _2CC |
||
| 999 |
_c795142 _d795142 |
||